banner koha

Transforming growth-b (tgf-b)maintains follicular ultrastructure and stimulates preantral follicle growth in caprine ovarian tissue cultured in vitro (Registro n. 242934)

MARC details
000 -LÍDER
campo de controle de tamanho fixo 01183nas a2200385 4500
001 - NÚMERO DE CONTROLE
campo de controle BR2015001241
003 - IDENTIFICADOR DO NÚMERO DE CONTROLE
campo de controle BR-BrBNA
005 - DATA E HORÁRIO DA ÚLTIMA TRANSAÇÃO
campo de controle 20231205125144.0
007 - CAMPO FIXO DE DESCRIÇÃO FÍSICA--INFORMAÇÃO GERAL
campo de controle de tamanho fixo ta
008 - CAMPO DE DADOS FIXOS--INFORMAÇÃO GERAL
campo de controle de tamanho fixo 230509b bl.|||p| |||| 00| 00por d
040 ## - FONTE DA CATALOGAÇÃO
Instituição da catalogação original BR-BrBNA
Idioma da catalogação por
Instituição que transcreveu o registro Biblioteca Nacional de Agricultura
041 ## - CÓDIGO DE IDIOMA
Código do idioma do texto/trilha sonora ou título diferente (En)
072 ## - CÓDIGO DE CATEGORIA DE ASSUNTO
Código de Categoria de Assunto L10
100 1# - ENTRADA PRINCIPAL--NOME PESSOAL
Nome pessoal Rodrigues, G.Q.
100 1# - ENTRADA PRINCIPAL--NOME PESSOAL
Nome pessoal Lima, I.M.T
100 1# - ENTRADA PRINCIPAL--NOME PESSOAL
Nome pessoal Chaves, R.N.
100 1# - ENTRADA PRINCIPAL--NOME PESSOAL
Nome pessoal Rosseto, R.
100 1# - ENTRADA PRINCIPAL--NOME PESSOAL
Nome pessoal Costa, S.L.
100 1# - ENTRADA PRINCIPAL--NOME PESSOAL
Nome pessoal Castro, S.V.
100 1# - ENTRADA PRINCIPAL--NOME PESSOAL
Nome pessoal Barros, V.R.P.
100 1# - ENTRADA PRINCIPAL--NOME PESSOAL
Nome pessoal Matos, M.H.T.
100 1# - ENTRADA PRINCIPAL--NOME PESSOAL
Nome pessoal Lopes, C.A.P.
100 1# - ENTRADA PRINCIPAL--NOME PESSOAL
Nome pessoal Báo, S.N.
100 1# - ENTRADA PRINCIPAL--NOME PESSOAL
Nome pessoal Compello, C.C.
100 1# - ENTRADA PRINCIPAL--NOME PESSOAL
Nome pessoal Figueiredo, J.R.
245 1# - TÍTULO
Título Transforming growth-b (tgf-b)maintains follicular ultrastructure and stimulates preantral follicle growth in caprine ovarian tissue cultured in vitro
650 ## - ASSUNTO--TERMO TÓPICO
Cabeçalho tópico ou nome geográfico CAPRINO
650 ## - ASSUNTO--TERMO TÓPICO
Cabeçalho tópico ou nome geográfico FOLÍCULO
650 ## - ASSUNTO--TERMO TÓPICO
Cabeçalho tópico ou nome geográfico OVÁRIO
650 ## - ASSUNTO--TERMO TÓPICO
Cabeçalho tópico ou nome geográfico CULTURA IN VITRO
650 ## - ASSUNTO--TERMO TÓPICO
Cabeçalho tópico ou nome geográfico SOBREVIVÊNCIA
773 0# - ENTRADA ANALÍTICA
Título Arquivo Brasileiro de Medicina Veterinária e Zootecnia (Brazil)
ISSN - International Standard Serial Number ISSN 0102-0935
Partes relacionadas (Apr 2014), v. 66(2) p.411-416
Número de controle do registro BR2015001241
909 ## -
-- 202311
-- Lúcia
-- 55
-- Lúcia Elande
942 ## - ELEMENTOS DE ENTRADA ADICIONADOS (KOHA)
Fonte da classificação ou esquema de arquivamento na estante Classificação AGRIS
Ocultar no OPAC Não
Tipo de material Koha Analítica
Exemplares
Situação do descarte Fonte da classificação ou esquema de arquivamento na estante Situação física Não pode ser emprestado Biblioteca de origem Biblioteca atual Localização na estante Enumeração do periódico / cronologia Total de empréstimos Data de último acesso Número do exemplar Tipo de material Koha Fonte de aquisição
  Classificação AGRIS   Consulta local Biblioteca Nacional de Agricultura - Binagri Biblioteca Nacional de Agricultura - Binagri   (Apr 2014), v. 66(2) p.411-416   29/11/2023 01 Periódicos Portaria Interministerial nº 164/94

BINAGRI

Telefone: (61)3218-2567/2388/3357/2097 - binagri@agro.gov.br

Ministério da Agricultura e Pecuária , Esplanada dos Ministérios, Bloco D, Anexo B, Brasília/DF, CEP: 70.043-900